Cost model (Record no. 82194)

MARC details
000 -LEADER
fixed length control field 00761cam a22002055a 4500
001 - CONTROL NUMBER
control field L149517
008 - FIXED-LENGTH DATA ELEMENTS--GENERAL INFORMATION
fixed length control field 100315e20100219xxk 000 0 eng d
035 ## - SYSTEM CONTROL NUMBER
System control number (Sirsi) u149517
041 0# - LANGUAGE CODE
Language code of text/sound track or separate title eng
100 1# - MAIN ENTRY--PERSONAL NAME
Personal name Rawlinson, Simon
245 00 - TITLE STATEMENT
Title Cost model
Remainder of title school refurbishment
260 ## - PUBLICATION, DISTRIBUTION, ETC.
Date of publication, distribution, etc. 2010
490 ## - SERIES STATEMENT
Series statement Building
Volume/sequential designation 275 (8617) 19 February 2010, 52-57(6)
520 ## - SUMMARY, ETC.
Summary, etc. School refurbishment is part of the Building Schools for the Future (BSF) programme. This paper reviews the place of refurbishment in the BSF programme and the ensuing challenges. It includes a cost breakdown and a cost model for school refurbishment.
590 ## - LOCAL NOTE (RLIN)
Local note KA
651 #4 - SUBJECT ADDED ENTRY--GEOGRAPHIC NAME
Geographic name England and Wales
Chronological subdivision 1543-
690 ## - LOCAL SUBJECT ADDED ENTRY--TOPICAL TERM (OCLC, RLIN)
Topical term or geographic name as entry element BUILT ENVIRONMENT
700 1# - ADDED ENTRY--PERSONAL NAME
Personal name Zuccherelli, Paul
942 ## - ADDED ENTRY ELEMENTS (KOHA)
Suppress in OPAC 0
Holdings
Withdrawn status Lost status Source of classification or shelving scheme Damaged status Not for loan Home library Current library Shelving location Date acquired Total Checkouts Full call number Barcode Date last seen Copy number Price effective from Koha item type
    Dewey Decimal Classification     London London Journal article 26/03/2010   L149517 149517-1001 06/08/2019 1 06/08/2019 Journal article